|
|
|
|
| LEADER |
02735na a2200361 4500 |
| 001 |
000030902 |
| 003 |
4899 |
| 005 |
20230724110126.0 |
| 008 |
151001s2009 000 eng |
| 040 |
|
|
|a LNN
|
| 041 |
|
|
|a ENG
|
| 082 |
|
|
|a 420.4
|b NG-H
|
| 100 |
1 |
|
|a Nguyễn Thị Hoài Hạnh.
|
| 245 |
1 |
0 |
|a An investigation into English borrowed words used in Vietnamese television advertisements
|h [Thesis-Luận văn thạc sĩ] /
|c Nguyễn Thị Hoài Hạnh; Trần Mạnh Quang hướng dẫn.
|
| 260 |
|
|
|a Đà Nẵng :
|b Đại học Đà Nẵng,
|c 2009.
|
| 300 |
|
|
|a 93tr. ;
|c 29 cm. +
|e 1 tóm tắt.
|
| 500 |
|
|
|a M.A. thesis in the English language.
|
| 630 |
0 |
4 |
|a The English language.
|
| 650 |
0 |
4 |
|a Borrowed words.
|x Television advertisements.
|
| 700 |
1 |
|
|a Trần Mạnh Quang,
|c M.A.,
|e hướng dẫn.
|
| OWN |
|
|
|a LNN
|
| AVA |
|
|
|a UDN50
|b LNN
|c English
|d 420.4 NG-H
|e available
|t Error 5001 Not defined in file expand_doc_bib_avail.
|f 1
|g 0
|h N
|i 0
|j AN
|k 1
|
| Z40 |
3 |
|
|y An investigation into English borrowed words used in Vietnamese television advertisements
|l Library of UFL
|t VIEW
|x http://catalog.udn.vn:80/F?func=service&doc_library=UDN01&local_base=UDN01&doc_number=000030902&sequence=000001&line_number=0001&func_code=DB_RECORDS&service_type=MEDIA
|f BIASUMMARY_000033742.pdf
|e pdf
|s 000225244
|k 20240415
|m NTMTHI
|
| Z40 |
3 |
|
|y An investigation into English borrowed words used in Vietnamese television advertisements
|l Library of UFL
|t VIEW
|x http://catalog.udn.vn:80/F?func=service&doc_library=UDN01&local_base=UDN01&doc_number=000030902&sequence=000002&line_number=0002&func_code=DB_RECORDS&service_type=MEDIA
|f HANH-THESIS18112009_000033744.pdf
|e pdf
|s 001415659
|k 20240415
|m NTMTHI
|
| 999 |
|
|
|a From the UDN01
|
| AVA |
|
|
|a UDN50
|b LNN
|c English
|d 420.4 NG-H
|e available
|t Error 5001 Not defined in file expand_doc_bib_avail.
|f 1
|g 0
|h N
|i 0
|j AN
|k 1
|
| TYP |
|
|
|a Printed language
|
| 856 |
|
|
|y An investigation into English borrowed words used in Vietnamese television advertisements
|l Library of UFL
|t VIEW
|x http://catalog.udn.vn:80/F?func=service&doc_library=UDN01&local_base=UDN01&doc_number=000030902&sequence=000001&line_number=0001&func_code=DB_RECORDS&service_type=MEDIA
|f BIASUMMARY_000033742.pdf
|e pdf
|s 000225244
|k 20240415
|m NTMTHI
|
| 856 |
|
|
|y An investigation into English borrowed words used in Vietnamese television advertisements
|l Library of UFL
|t VIEW
|x http://catalog.udn.vn:80/F?func=service&doc_library=UDN01&local_base=UDN01&doc_number=000030902&sequence=000002&line_number=0002&func_code=DB_RECORDS&service_type=MEDIA
|f HANH-THESIS18112009_000033744.pdf
|e pdf
|s 001415659
|k 20240415
|m NTMTHI
|
| 980 |
|
|
|a Mạng thư viện Đại học Đà Nẵng
|